| 000 | 00412nam a2200133Ia 4500 | ||
|---|---|---|---|
| 008 | 220217s9999||||xx |||||||||||||| ||und|| | ||
| 020 | _a978-81-265-1773 | ||
| 082 | _a005.14 PEZ | ||
| 100 | _aPezze, Mauro and Young, Michal | ||
| 245 | 0 | _aSoftware testing and analysis: process, principles and techn | |
| 260 |
_aWiley india _bNew Delhi _c2008 |
||
| 300 |
_aXXII, 448p. _b399 |
||
| 650 | _aSOFTWARE TESTING | ||
| 999 |
_c178868 _d178868 |
||